000 00781nam a2200241 i 4500
001 8495
003 ES-MaACL
005 20250809030220.0
007 t|
008 920708s1990 sp |||| | spa d
080 _a351.83
080 _a343:351.83
100 1 _aBaylos, Antonio.
_926682
245 1 0 _aDerecho penal del trabajo /
_cAntonio Baylos, Juan Terradillos ; prólogo de Aurelio Desdentado.
260 _aMadrid :
_bTrotta,
_cD.L. 1990.
300 _a218 p. ;
_c23 cm.
650 1 4 _aDerecho laboral-
_zEspaña
_911726
650 4 _aDelitos contra los derechos de los trabajadores-
_zEspaña.
_9154800
700 1 _aTerradillos Basoco, Juan.
_9109776
700 1 _aDesdentado Bonete, Aurelio.
_943867
852 _aES-MaACL
_jL-15883
999 _c8495
_d8495